000 00308nam a2200109Ia 4500
008 240731s9999 xx 000 0 und d
245 0 _aJournal of Offender Counseling Services Rehabilitation
260 _bTaylor & Francis
856 _uhttps://www.tandfonline.com/loi/wzjo20
942 _2ddc
942 _cTFEJ
999 _c78022
_d78022
945 _a1
_bMadushi Gamage
_c1
_dMadushi Gamage